Being your best at baseball / (Record no. 5342)

MARC details
000 -LEADER
fixed length control field 00763nam a22002537a 4500
001 - CONTROL NUMBER
control field 5342
003 - CONTROL NUMBER IDENTIFIER
control field FISKH
005 - DATE AND TIME OF LATEST TRANSACTION
control field 20241127112044.0
008 - FIXED-LENGTH DATA ELEMENTS--GENERAL INFORMATION
fixed length control field 241127b cb ||||| |||| 00| 0 eng d
020 ## - INTERNATIONAL STANDARD BOOK NUMBER
International Standard Book Number 9780531236130
040 ## - CATALOGING SOURCE
Original cataloging agency FISKH
Language of cataloging eng
Transcribing agency FISKH
Modifying agency FISKH
050 ## - LIBRARY OF CONGRESS CALL NUMBER
Classification number GV867.Y66
082 ## - DEWEY DECIMAL CLASSIFICATION NUMBER
Classification number 796.357
100 ## - MAIN ENTRY--PERSONAL NAME
Personal name Yomtov, Nel
Dates associated with a name (1952-)
245 ## - TITLE STATEMENT
Title Being your best at baseball /
Statement of responsibility, etc. Nel Yomtov
250 ## - EDITION STATEMENT
Edition statement 2017
260 ## - PUBLICATION, DISTRIBUTION, ETC.
Place of publication, distribution, etc. New York :
Name of publisher, distributor, etc. Scholastic,
Date of publication, distribution, etc. 2017.
300 ## - PHYSICAL DESCRIPTION
Extent 48 pages :
Other physical details Color illustrations ;
Dimensions 22 cm
520 ## - SUMMARY, ETC.
Summary, etc. Looks at the history of baseball, explaining different positions on a team, the way a field is arranged, and the rules of the game.
650 ## - SUBJECT ADDED ENTRY--TOPICAL TERM
Source of heading or term Sports
650 ## - SUBJECT ADDED ENTRY--TOPICAL TERM
Source of heading or term Social studies
942 ## - ADDED ENTRY ELEMENTS (KOHA)
Source of classification or shelving scheme Dewey Decimal Classification
Koha item type Books
Suppress in OPAC No
Holdings
Withdrawn status Lost status Source of classification or shelving scheme Damaged status Not for loan Collection Home library Current library Shelving location Date acquired Total Checkouts Full call number Barcode Date last seen Copy number Price effective from Koha item type
    Dewey Decimal Classification     Fiction Footprints International School Library Network Toul Kork Campus Footprints International School Library Network Toul Kork Campus A TK Campus, 4th Floor, Room B401, Fiction Bookcases (1-6) 11/27/2024   YOM 796.357 GV867.Y66 FISTK05542 11/27/2024 1 11/27/2024 Books